La Baronessa Di Carini Tradizione poesia

Uloženo v:
Podrobná bibliografie
Hlavní autor: Aurelio Rigoli
Médium: Kniha
Jazyk:neznámý jazyk
Vydáno: S.F. Flaccovoio
Tagy: Přidat tag
Žádné tagy, Buďte první, kdo vytvoří štítek k tomuto záznamu!

MARC

LEADER 00000nam a2200000Ia 4500
001 R-1693
003 CODICE-MESSINA
005 20260212102511.0
008 260211s9999 xx 000 0 und d
040 |c importazione_messina 
100 |a Aurelio Rigoli 
245 0 |a La Baronessa Di Carini 
245 0 |b Tradizione poesia 
260 |b S.F. Flaccovoio 
942 |2 ddc  |c BK 
952 |0 0  |1 0  |2 ddc  |4 0  |6 SCAFFALE_17_000000000000000__STANZA_2__GIORNALISMO  |7 0  |9 32534  |a ME  |b ME  |d 2026-02-11  |l 0  |o SCAFFALE 17 - STANZA 2 - GIORNALISMO  |p R-1693  |r 2026-02-11 23:53:15  |w 2026-02-11  |x [REVISIONARE]  |y BK 
999 |c 28201  |d 28201